[Event "Portugal Open Semirrapidas"]
[Site "Lisboa POR"]
[Date "2020.02.02"]
[Round "3.1"]
[White "MOTYLEV, Alexander"]
[Black "SOUSA, André V"]
[Result "1/2-1/2"]
[BlackElo "2281"]
[WhiteElo "2711"]
[LiveChessVersion "1.4.8"]

1. e4 {[%clk 0:15:07]} e5 {[%clk 0:15:09]} 2. Nf3 {[%clk 0:15:11]} Nc6
{[%clk 0:15:13]} 3. Bb5 {[%clk 0:15:15]} Nf6 {[%clk 0:15:15]} 4. d3
{[%clk 0:15:16]} Bc5 {[%clk 0:15:18]} 5. Nc3 {[%clk 0:15:19]} d6 {[%clk 0:14:59]}
6. Bxc6+ {[%clk 0:15:17]} bxc6 {[%clk 0:15:02]} 7. h3 {[%clk 0:15:21]} h6
{[%clk 0:14:55]} 8. Ne2 {[%clk 0:15:12]} a5 {[%clk 0:14:40]} 9. Ng3
{[%clk 0:15:10]} a4 {[%clk 0:14:36]} 10. O-O {[%clk 0:15:11]} Be6
{[%clk 0:14:08]} 11. Re1 {[%clk 0:15:07]} Bb6 {[%clk 0:14:03]} 12. d4
{[%clk 0:15:06]} exd4 {[%clk 0:13:59]} 13. Nxd4 {[%clk 0:15:10]} Qd7
{[%clk 0:12:33]} 14. Ndf5 {[%clk 0:14:08]} g6 {[%clk 0:11:41]} 15. Qf3
{[%clk 0:13:00]} gxf5 {[%clk 0:11:21]} 16. exf5 {[%clk 0:13:03]} O-O-O
{[%clk 0:11:16]} 17. fxe6 {[%clk 0:12:52]} fxe6 {[%clk 0:11:14]} 18. Qxf6
{[%clk 0:11:18]} Rdf8 {[%clk 0:10:15]} 19. Qxe6 {[%clk 0:11:01]} Bxf2+
{[%clk 0:10:18]} 20. Kh2 {[%clk 0:11:05]} Bxe1 {[%clk 0:09:47]} 21. Qxe1
{[%clk 0:11:06]} Qg7 {[%clk 0:09:27]} 22. Qe6+ {[%clk 0:06:35]} Kb7
{[%clk 0:08:57]} 23. Qg4 {[%clk 0:06:37]} Qe5 {[%clk 0:07:46]} 24. Qb4+
{[%clk 0:06:09]} Kc8 {[%clk 0:07:47]} 25. Qe4 {[%clk 0:03:54]} Qxe4
{[%clk 0:07:45]} 26. Nxe4 {[%clk 0:03:58]} Rf1 {[%clk 0:07:49]} 27. b3
{[%clk 0:03:54]} Re8 {[%clk 0:06:56]} 28. Ng3 {[%clk 0:03:47]} Rd1
{[%clk 0:06:59]} 29. Bb2 {[%clk 0:03:44]} Rxa1 {[%clk 0:06:58]} 30. Bxa1
{[%clk 0:03:48]} Re1 {[%clk 0:06:03]} 31. Bc3 {[%clk 0:03:30]} Rc1
{[%clk 0:06:03]} 32. bxa4 {[%clk 0:03:27]} d5 {[%clk 0:05:33]} 33. Bg7
{[%clk 0:03:30]} Rxc2 {[%clk 0:05:33]} 34. h4 {[%clk 0:03:04]} Rc4
{[%clk 0:05:07]} 35. Kh3 {[%clk 0:02:43]} d4 {[%clk 0:05:02]} 36. Bxh6
{[%clk 0:02:45]} Kd7 {[%clk 0:04:38]} 37. h5 {[%clk 0:02:45]} Rxa4
{[%clk 0:04:33]} 38. Ne4 {[%clk 0:02:14]} Ke7 {[%clk 0:04:05]} 39. Kg3
{[%clk 0:00:20]} Rxa2 {[%clk 0:03:43]} 40. Kf3 {[%clk 0:00:25]} Ra3+
{[%clk 0:03:02]} 41. Ke2 {[%clk 0:00:29]} Ke6 {[%clk 0:02:04]} 42. g4
{[%clk 0:00:22]} Ke5 {[%clk 0:02:08]} 43. Nd2 {[%clk 0:00:17]} Rh3
{[%clk 0:01:53]} 44. Bg7+ {[%clk 0:00:19]} Kf4 {[%clk 0:01:53]} 45. h6
{[%clk 0:00:11]} d3+ {[%clk 0:01:51]} 46. Kf2 {[%clk 0:00:09]} Kxg4
{[%clk 0:01:15]} 47. Kg2 {[%clk 0:00:12]} Rg3+ {[%clk 0:01:06]} 48. Kf2
{[%clk 0:00:17]} Rh3 {[%clk 0:01:09]} 49. Ne4 {[%clk 0:00:21]} Kf5
{[%clk 0:01:01]} 50. Nc5 {[%clk 0:00:11]} Kg6 {[%clk 0:00:53]} 51. Ke1
{[%clk 0:00:15]} Rxh6 {[%clk 0:00:46]} 52. Bxh6 {[%clk 0:15:05]} 1/2-1/2

[Event "Portugal Open Semirrapidas"]
[Site "Lisboa POR"]
[Date "2020.02.02"]
[Round "3.2"]
[White "BABA, Masahiro"]
[Black "GRIGORYAN, Karen H."]
[Result "1/2-1/2"]
[BlackElo "2667"]
[WhiteElo "2274"]
[LiveChessVersion "1.4.8"]

1. e4 {[%clk 0:15:08]} c5 {[%clk 0:15:08]} 2. Nf3 {[%clk 0:15:11]} d6
{[%clk 0:15:11]} 3. d4 {[%clk 0:15:14]} cxd4 {[%clk 0:15:15]} 4. Nxd4
{[%clk 0:15:17]} Nf6 {[%clk 0:15:18]} 5. Nc3 {[%clk 0:15:21]} a6 {[%clk 0:15:22]}
6. Bg5 {[%clk 0:15:24]} Nbd7 {[%clk 0:15:25]} 7. f4 {[%clk 0:15:17]} Qc7
{[%clk 0:15:23]} 8. Qf3 {[%clk 0:15:18]} h6 {[%clk 0:15:26]} 9. Bxf6
{[%clk 0:15:09]} Nxf6 {[%clk 0:15:28]} 10. f5 {[%clk 0:15:09]} Qc5
{[%clk 0:15:24]} 11. O-O-O {[%clk 0:15:11]} g5 {[%clk 0:15:27]} 12. fxg6
{[%clk 0:15:14]} Bg4 {[%clk 0:15:30]} 13. gxf7+ {[%clk 0:15:17]} Kxf7
{[%clk 0:15:33]} 14. Qd3 {[%clk 0:14:27]} Bxd1 {[%clk 0:15:36]} 15. Nxd1
{[%clk 0:14:28]} e6 {[%clk 0:15:20]} 16. g3 {[%clk 0:14:15]} Bg7 {[%clk 0:14:39]}
17. Bh3 {[%clk 0:14:13]} Rhe8 {[%clk 0:14:38]} 18. Ne3 {[%clk 0:13:05]} b5
{[%clk 0:13:50]} 19. Rf1 {[%clk 0:10:46]} Qh5 {[%clk 0:08:56]} 20. Bxe6+
{[%clk 0:09:32]} Rxe6 {[%clk 0:08:48]} 21. Nxe6 {[%clk 0:09:36]} Kxe6
{[%clk 0:08:51]} 22. Rf5 {[%clk 0:07:56]} Qe8 {[%clk 0:07:01]} 23. e5
{[%clk 0:07:39]} dxe5 {[%clk 0:06:55]} 24. Qb3+ {[%clk 0:06:55]} Kd7
{[%clk 0:06:43]} 25. Nd5 {[%clk 0:06:02]} Qe6 {[%clk 0:06:45]} 26. Nxf6+
{[%clk 0:05:30]} Bxf6 {[%clk 0:06:47]} 27. Rxf6 {[%clk 0:05:30]} Qxf6
{[%clk 0:06:37]} 28. Qd5+ {[%clk 0:05:33]} Ke7 {[%clk 0:06:08]} 29. Qb7+
{[%clk 0:05:26]} Ke6 {[%clk 0:06:00]} 30. Qxa8 {[%clk 0:05:16]} Qf1+
{[%clk 0:06:03]} 31. Kd2 {[%clk 0:05:19]} Qf2+ {[%clk 0:06:05]} 32. Kd1
{[%clk 0:05:08]} Qg1+ {[%clk 0:06:07]} 33. Ke2 {[%clk 0:04:41]} Qxh2+
{[%clk 0:06:10]} 34. Kf1 {[%clk 0:04:44]} Qh3+ {[%clk 0:05:46]} 35. Kf2
{[%clk 0:04:43]} Qf5+ {[%clk 0:05:49]} 36. Kg1 {[%clk 0:04:09]} Qxc2
{[%clk 0:04:42]} 37. Qxa6+ {[%clk 0:04:07]} Kf5 {[%clk 0:04:45]} 38. Qxb5
{[%clk 0:04:03]} Kg4 {[%clk 0:04:34]} 39. Qxe5 {[%clk 0:03:41]} Kh3
{[%clk 0:04:31]} 40. Qe6+ {[%clk 0:03:14]} Kxg3 {[%clk 0:04:33]} 41. Qe3+
{[%clk 0:02:46]} Kg4 {[%clk 0:04:35]} 42. Qxh6 {[%clk 0:01:59]} Qb1+
{[%clk 0:04:36]} 43. Kg2 {[%clk 0:01:50]} Qxb2+ {[%clk 0:04:38]} 44. Kg1
{[%clk 0:01:53]} Qa1+ {[%clk 0:04:41]} 45. Kg2 {[%clk 0:01:57]} Qxa2+
{[%clk 0:04:43]} 46. Kg1 {[%clk 0:02:00]} 1/2-1/2

[Event "Portugal Open Semirrapidas"]
[Site "Lisboa POR"]
[Date "2020.02.02"]
[Round "3.3"]
[White "ITURRIZAGA, Eduardo"]
[Black "ASADLI, Vugar"]
[Result "1-0"]
[BlackElo "2273"]
[WhiteElo "2643"]
[LiveChessVersion "1.4.8"]

1. c4 {[%clk 0:14:33]} Nf6 {[%clk 0:14:54]} 2. Nc3 {[%clk 0:14:36]} d5
{[%clk 0:14:58]} 3. cxd5 {[%clk 0:14:20]} Nxd5 {[%clk 0:15:02]} 4. g3
{[%clk 0:14:23]} g6 {[%clk 0:14:56]} 5. Bg2 {[%clk 0:14:27]} Nxc3
{[%clk 0:14:56]} 6. bxc3 {[%clk 0:14:29]} Bg7 {[%clk 0:14:59]} 7. h4
{[%clk 0:14:24]} h6 {[%clk 0:14:43]} 8. Rb1 {[%clk 0:13:59]} Nc6 {[%clk 0:13:41]}
9. d4 {[%clk 0:13:33]} O-O {[%clk 0:13:30]} 10. h5 {[%clk 0:13:36]} g5
{[%clk 0:13:30]} 11. f4 {[%clk 0:13:40]} gxf4 {[%clk 0:12:53]} 12. gxf4
{[%clk 0:13:44]} Na5 {[%clk 0:12:46]} 13. Nf3 {[%clk 0:12:57]} c5
{[%clk 0:12:35]} 14. Ne5 {[%clk 0:12:48]} cxd4 {[%clk 0:10:39]} 15. cxd4
{[%clk 0:12:51]} Nc6 {[%clk 0:09:45]} 16. Be3 {[%clk 0:12:49]} Nxe5
{[%clk 0:08:32]} 17. fxe5 {[%clk 0:12:31]} f6 {[%clk 0:08:18]} 18. Qb3+
{[%clk 0:10:53]} Kh8 {[%clk 0:08:19]} 19. e6 {[%clk 0:10:46]} Qd6
{[%clk 0:07:00]} 20. d5 {[%clk 0:10:50]} b6 {[%clk 0:07:04]} 21. Bf3
{[%clk 0:10:16]} Bb7 {[%clk 0:06:44]} 22. Rg1 {[%clk 0:10:15]} Rad8
{[%clk 0:06:38]} 23. Rd1 {[%clk 0:10:13]} f5 {[%clk 0:06:32]} 24. Rg6
{[%clk 0:09:33]} Rf6 {[%clk 0:06:30]} 25. Rg2 {[%clk 0:09:36]} Rff8
{[%clk 0:06:26]} 26. Bc1 {[%clk 0:09:09]} Bf6 {[%clk 0:06:06]} 27. Rg6
{[%clk 0:08:57]} 1-0

[Event "Portugal Open Semirrapidas"]
[Site "Lisboa POR"]
[Date "2020.02.02"]
[Round "3.4"]
[White "MARTINS, Bruno"]
[Black "ALEKSEEV, Evgeny"]
[Result "0-1"]
[BlackElo "2621"]
[WhiteElo "2235"]
[LiveChessVersion "1.4.8"]

1. e4 c5 2. Nf3 Nc6 3. d4 cxd4 4. Nxd4 Qb6 5. Nb3 Nf6 6. Nc3 e6 7. Bd3 Be7 8. f4
d6 9. Qf3 a6 10. Be3 Qc7 11. O-O-O b5 12. Kb1 Bb7 13. g4 Nb4 14. g5 Nd7 15. Qh3
O-O 16. Rc1 Nc5 17. Rhd1 Rfe8 18. f5 exf5 19. exf5 Nbxd3 20. cxd3 Bf8 21. Bf4 Qd7
22. Nd4 b4 23. Nce2 a5 24. Qg3 Bd5 25. Be3 Rac8 26. b3 a4 27. Nf4 Bb7 28. f6 g6
29. h4 axb3 30. axb3 Nxb3 31. Nxb3 Qa4 32. Na1 Ra8 0-1

[Event "Portugal Open Semirrapidas"]
[Site "Lisboa POR"]
[Date "2020.02.02"]
[Round "3.5"]
[White "GHAMARIAN, Tigran"]
[Black "HULSHOF, Peter"]
[Result "1-0"]
[BlackElo "2190"]
[WhiteElo "2597"]
[LiveChessVersion "1.4.8"]

1. e4 {[%clk 0:15:07]} g6 {[%clk 0:15:09]} 2. d4 {[%clk 0:15:11]} Bg7
{[%clk 0:15:12]} 3. Nf3 {[%clk 0:15:14]} c6 {[%clk 0:15:12]} 4. h3
{[%clk 0:15:16]} d5 {[%clk 0:15:05]} 5. e5 {[%clk 0:15:18]} f6 {[%clk 0:15:02]}
6. Bd3 {[%clk 0:14:59]} Nh6 {[%clk 0:14:47]} 7. O-O {[%clk 0:14:52]} O-O
{[%clk 0:14:50]} 8. Re1 {[%clk 0:14:39]} Na6 {[%clk 0:14:13]} 9. c3
{[%clk 0:14:27]} Nc7 {[%clk 0:14:04]} 10. Nbd2 {[%clk 0:14:27]} Bf5
{[%clk 0:13:56]} 11. Bf1 {[%clk 0:14:20]} Qd7 {[%clk 0:13:11]} 12. Nb3
{[%clk 0:13:49]} b6 {[%clk 0:13:04]} 13. Bf4 {[%clk 0:13:51]} Nf7
{[%clk 0:12:32]} 14. Bh2 {[%clk 0:13:22]} Rac8 {[%clk 0:10:16]} 15. Rc1
{[%clk 0:11:26]} Bh6 {[%clk 0:10:18]} 16. Ra1 {[%clk 0:11:02]} Bg7
{[%clk 0:10:07]} 17. Nc1 {[%clk 0:10:26]} Rfd8 {[%clk 0:08:45]} 18. Nd3
{[%clk 0:10:08]} Ne6 {[%clk 0:08:24]} 19. a4 {[%clk 0:09:20]} c5 {[%clk 0:08:20]}
20. exf6 {[%clk 0:07:52]} exf6 {[%clk 0:08:23]} 21. a5 {[%clk 0:07:43]} cxd4
{[%clk 0:06:21]} 22. Nxd4 {[%clk 0:07:37]} Nxd4 {[%clk 0:06:25]} 23. cxd4
{[%clk 0:07:41]} Nd6 {[%clk 0:05:22]} 24. axb6 {[%clk 0:07:19]} axb6
{[%clk 0:05:25]} 25. Bxd6 {[%clk 0:07:01]} Qxd6 {[%clk 0:05:29]} 26. Qb3
{[%clk 0:07:04]} Rc4 {[%clk 0:04:53]} 27. Ra7 {[%clk 0:07:06]} Rxd4
{[%clk 0:04:56]} 28. Rb7 {[%clk 0:06:40]} Bxd3 {[%clk 0:04:53]} 29. Bxd3
{[%clk 0:06:44]} Rb4 {[%clk 0:04:57]} 30. Qa2 {[%clk 0:05:55]} Bf8
{[%clk 0:05:01]} 31. Qa7 {[%clk 0:05:26]} Rh4 {[%clk 0:04:07]} 32. Bf1
{[%clk 0:04:34]} Qc5 {[%clk 0:03:16]} 33. g3 {[%clk 0:03:29]} Rh6
{[%clk 0:03:19]} 34. Bg2 {[%clk 0:03:30]} f5 {[%clk 0:03:21]} 35. Rd7
{[%clk 0:03:25]} Rxd7 {[%clk 0:03:17]} 36. Qxd7 {[%clk 0:03:29]} Qd6
{[%clk 0:02:58]} 37. Bxd5+ {[%clk 0:03:30]} Kh8 {[%clk 0:03:02]} 38. Qf7
{[%clk 0:03:33]} 1-0

[Event "Portugal Open Semirrapidas"]
[Site "Lisboa POR"]
[Date "2020.02.02"]
[Round "3.6"]
[White "VASLI, Aref"]
[Black "PETROV, Nikita"]
[Result "1/2-1/2"]
[BlackElo "2590"]
[WhiteElo "2202"]
[LiveChessVersion "1.4.8"]

1. e4 {[%clk 0:15:08]} c5 {[%clk 0:15:05]} 2. Nf3 {[%clk 0:15:11]} e6
{[%clk 0:15:09]} 3. d4 {[%clk 0:15:12]} cxd4 {[%clk 0:15:13]} 4. Nxd4
{[%clk 0:15:16]} Nc6 {[%clk 0:15:17]} 5. Nc3 {[%clk 0:15:19]} Qc7
{[%clk 0:15:21]} 6. g3 {[%clk 0:15:23]} a6 {[%clk 0:15:20]} 7. Bg2
{[%clk 0:15:26]} h5 {[%clk 0:15:19]} 8. O-O {[%clk 0:14:27]} h4 9. Nxc6
{[%clk 0:14:14]} dxc6 {[%clk 0:13:47]} 10. Be3 {[%clk 0:14:06]} hxg3
{[%clk 0:13:20]} 11. hxg3 {[%clk 0:14:02]} Nf6 {[%clk 0:12:45]} 12. Na4
{[%clk 0:13:16]} Nd7 {[%clk 0:12:15]} 13. c4 {[%clk 0:12:59]} b5 {[%clk 0:12:19]}
14. Nc3 {[%clk 0:13:03]} Ne5 {[%clk 0:10:58]} 15. b3 {[%clk 0:12:17]} bxc4
{[%clk 0:09:09]} 16. f4 {[%clk 0:12:01]} Qa5 {[%clk 0:06:49]} 17. fxe5
{[%clk 0:10:44]} Qxc3 {[%clk 0:06:50]} 18. Qf3 {[%clk 0:10:48]} f6
{[%clk 0:05:12]} 19. exf6 {[%clk 0:10:45]} Qxf6 {[%clk 0:05:07]} 20. e5
{[%clk 0:09:06]} Qxf3 {[%clk 0:04:47]} 21. Bxf3 {[%clk 0:09:09]} Bd7
{[%clk 0:04:34]} 22. bxc4 {[%clk 0:09:10]} Bb4 {[%clk 0:03:50]} 23. Rad1
{[%clk 0:07:31]} O-O-O {[%clk 0:02:58]} 24. Rd3 {[%clk 0:06:47]} Be8
{[%clk 0:02:03]} 25. Rb3 {[%clk 0:06:23]} c5 {[%clk 0:01:24]} 26. Bg5
{[%clk 0:05:34]} Ba4 {[%clk 0:00:46]} 27. Bg4 {[%clk 0:04:09]} Bxb3
{[%clk 0:00:21]} 28. Bxe6+ {[%clk 0:04:13]} Kb8 {[%clk 0:00:22]} 29. Bxd8
{[%clk 0:03:41]} Rxd8 {[%clk 0:00:26]} 30. axb3 {[%clk 0:03:44]} Bc3
{[%clk 0:00:30]} 31. Bd5 {[%clk 0:03:30]} Bxe5 {[%clk 0:00:32]} 32. Rf7
{[%clk 0:03:34]} Bxg3 {[%clk 0:00:27]} 33. Rb7+ {[%clk 0:03:15]} Kc8
{[%clk 0:00:31]} 34. Rxg7 {[%clk 0:03:19]} Be5 {[%clk 0:00:30]} 35. Re7
{[%clk 0:03:01]} Bd4+ {[%clk 0:00:29]} 36. Kg2 {[%clk 0:03:03]} Rd6
{[%clk 0:00:33]} 37. Kf3 {[%clk 0:02:52]} Rb6 {[%clk 0:00:36]} 38. Ke4
{[%clk 0:01:47]} Rxb3 {[%clk 0:00:36]} 39. Be6+ {[%clk 0:01:51]} Kd8
{[%clk 0:00:16]} 40. Rd7+ {[%clk 0:01:55]} Ke8 {[%clk 0:00:20]} 41. Ra7
{[%clk 0:01:49]} Rb6 {[%clk 0:00:19]} 42. Kd5 {[%clk 0:01:33]} Kd8
{[%clk 0:00:18]} 43. Rd7+ {[%clk 0:01:32]} Ke8 {[%clk 0:00:22]} 44. Ra7
{[%clk 0:01:26]} Kd8 {[%clk 0:00:26]} 45. Ke4 1/2-1/2

[Event "Portugal Open Semirrapidas"]
[Site "Lisboa POR"]
[Date "2020.02.02"]
[Round "3.7"]
[White "INDJIC, Aleksandar"]
[Black "FERREIRA, Luis Pedro"]
[Result "1-0"]
[BlackElo "2170"]
[WhiteElo "2533"]
[LiveChessVersion "1.4.8"]

1. d4 {[%clk 0:15:04]} d6 {[%clk 0:15:08]} 2. e4 {[%clk 0:15:03]} e5
{[%clk 0:15:09]} 3. Nf3 {[%clk 0:15:05]} Nd7 {[%clk 0:15:10]} 4. Nc3
{[%clk 0:14:59]} Be7 {[%clk 0:15:05]} 5. g4 {[%clk 0:14:56]} c6 {[%clk 0:14:40]}
6. a4 {[%clk 0:14:53]} a5 {[%clk 0:14:36]} 7. g5 {[%clk 0:14:52]} Qb6
{[%clk 0:13:58]} 8. d5 {[%clk 0:14:29]} Nc5 {[%clk 0:13:55]} 9. Rg1
{[%clk 0:14:31]} h6 {[%clk 0:12:05]} 10. gxh6 {[%clk 0:14:30]} Nxh6
{[%clk 0:12:04]} 11. Nd2 {[%clk 0:14:02]} Bh4 {[%clk 0:11:25]} 12. Rg2
{[%clk 0:13:21]} Bh3 {[%clk 0:10:40]} 13. Nc4 {[%clk 0:13:19]} Qb4
{[%clk 0:10:04]} 14. Nxd6+ {[%clk 0:12:23]} Kf8 {[%clk 0:10:08]} 15. Rxg7
{[%clk 0:11:37]} Kxg7 {[%clk 0:08:54]} 16. Bxh3 {[%clk 0:11:35]} Nd3+
{[%clk 0:05:57]} 17. Qxd3 {[%clk 0:11:35]} Qxd6 {[%clk 0:06:00]} 18. Be3
{[%clk 0:11:38]} Bf6 {[%clk 0:04:54]} 19. O-O-O {[%clk 0:11:38]} Ng8
{[%clk 0:04:16]} 20. Qf1 {[%clk 0:11:37]} Rc8 {[%clk 0:03:36]} 21. Bxc8
{[%clk 0:11:39]} 1-0

[Event "Portugal Open Semirrapidas"]
[Site "Lisboa POR"]
[Date "2020.02.02"]
[Round "3.8"]
[White "FIDALGO, André Neves"]
[Black "JANIK, Igor"]
[Result "0-1"]
[BlackElo "2527"]
[WhiteElo "2190"]
[LiveChessVersion "1.4.8"]

1. d4 {[%clk 0:15:08]} Nf6 {[%clk 0:15:09]} 2. c4 {[%clk 0:15:12]} e6
{[%clk 0:15:13]} 3. g3 {[%clk 0:15:15]} c5 {[%clk 0:15:15]} 4. d5
{[%clk 0:15:17]} exd5 {[%clk 0:15:17]} 5. cxd5 {[%clk 0:15:20]} g6
{[%clk 0:15:19]} 6. Bg2 {[%clk 0:15:23]} d6 {[%clk 0:15:23]} 7. Nc3
{[%clk 0:15:26]} Bg7 {[%clk 0:15:27]} 8. Nf3 {[%clk 0:15:29]} O-O
{[%clk 0:15:29]} 9. O-O {[%clk 0:15:32]} Re8 {[%clk 0:15:31]} 10. Bf4
{[%clk 0:15:35]} Na6 {[%clk 0:15:33]} 11. Re1 {[%clk 0:15:33]} Nc7
{[%clk 0:15:34]} 12. a4 {[%clk 0:15:23]} a6 {[%clk 0:15:14]} 13. e4
{[%clk 0:14:33]} Bg4 {[%clk 0:15:16]} 14. h3 {[%clk 0:14:35]} Bxf3
{[%clk 0:15:20]} 15. Bxf3 {[%clk 0:14:36]} Bf8 {[%clk 0:15:07]} 16. a5
{[%clk 0:13:15]} Nd7 {[%clk 0:15:02]} 17. Be2 {[%clk 0:12:40]} Rb8
{[%clk 0:14:27]} 18. Qd2 {[%clk 0:12:08]} Ne5 {[%clk 0:14:05]} 19. Be3
{[%clk 0:11:31]} Bg7 {[%clk 0:14:09]} 20. f4 {[%clk 0:11:29]} Nd7
{[%clk 0:14:13]} 21. e5 {[%clk 0:08:45]} dxe5 {[%clk 0:14:10]} 22. d6
{[%clk 0:08:49]} Ne6 {[%clk 0:14:06]} 23. Nd5 {[%clk 0:08:24]} exf4
{[%clk 0:14:02]} 24. Bxf4 {[%clk 0:07:51]} Nxf4 {[%clk 0:13:51]} 25. gxf4
{[%clk 0:05:55]} Qh4 {[%clk 0:13:25]} 26. Kg2 {[%clk 0:05:58]} Bd4
{[%clk 0:12:55]} 27. Bf3 {[%clk 0:05:43]} Nf6 {[%clk 0:12:18]} 28. Ne3
{[%clk 0:02:14]} Qxf4 {[%clk 0:12:04]} 29. Nc4 {[%clk 0:02:12]} Qxd2+
{[%clk 0:11:26]} 30. Nxd2 {[%clk 0:02:15]} Red8 {[%clk 0:11:30]} 31. Nc4
{[%clk 0:02:17]} Ne8 {[%clk 0:11:34]} 32. Re7 {[%clk 0:01:51]} Nxd6
{[%clk 0:11:38]} 33. Nxd6 {[%clk 0:01:10]} Rxd6 {[%clk 0:11:40]} 34. Rxb7
{[%clk 0:01:03]} Rxb7 {[%clk 0:11:44]} 35. Bxb7 {[%clk 0:01:07]} Bxb2
{[%clk 0:11:48]} 36. Rb1 {[%clk 0:01:10]} Bc3 {[%clk 0:11:51]} 37. Rb6
{[%clk 0:01:00]} Rd2+ {[%clk 0:11:54]} 38. Kf3 {[%clk 0:01:04]} Bxa5 39. Rxa6
{[%clk 0:01:08]} Bc3 {[%clk 0:11:41]} 40. Ra8+ {[%clk 0:00:38]} Kg7
{[%clk 0:11:45]} 41. Rc8 {[%clk 0:00:42]} Bd4 {[%clk 0:11:49]} 42. Rc7
{[%clk 0:00:39]} Rf2+ {[%clk 0:11:47]} 43. Kg3 {[%clk 0:00:31]} Be5+
{[%clk 0:11:41]} 44. Kxf2 {[%clk 0:00:34]} Bxc7 {[%clk 0:11:44]} 45. Bd5
{[%clk 0:00:38]} f5 {[%clk 0:11:47]} 46. Kf3 {[%clk 0:00:39]} Kf6
{[%clk 0:11:51]} 47. Bc4 {[%clk 0:00:32]} Ba5 {[%clk 0:11:54]} 48. Bb3
{[%clk 0:00:34]} h5 {[%clk 0:11:58]} 49. Bc4 {[%clk 0:00:33]} g5 {[%clk 0:12:02]}
50. Bb3 {[%clk 0:00:35]} g4+ {[%clk 0:12:06]} 51. hxg4 {[%clk 0:00:38]} hxg4+
{[%clk 0:12:10]} 52. Kg3 {[%clk 0:00:40]} Bc7+ {[%clk 0:12:14]} 53. Kg2
{[%clk 0:00:42]} Ke5 {[%clk 0:12:18]} 54. Bc4 {[%clk 0:00:42]} Kf4
{[%clk 0:12:21]} 55. Kf2 {[%clk 0:00:42]} Kg5 {[%clk 0:12:22]} 56. Kg2
{[%clk 0:00:45]} f4 {[%clk 0:12:26]} 57. Kf2 {[%clk 0:00:43]} Be5
{[%clk 0:12:30]} 58. Kg2 {[%clk 0:00:47]} f3+ {[%clk 0:12:34]} 59. Kf2
{[%clk 0:00:51]} Kf4 {[%clk 0:12:38]} 0-1

[Event "Portugal Open Semirrapidas"]
[Site "Lisboa POR"]
[Date "2020.02.02"]
[Round "3.9"]
[White "TEN HERTOG, Hugo"]
[Black "BASHIRLI, Nail"]
[Result "0-1"]
[BlackElo "2153"]
[WhiteElo "2506"]
[LiveChessVersion "1.4.8"]

1. g3 {[%clk 0:15:09]} c5 {[%clk 0:14:52]} 2. Bg2 {[%clk 0:15:13]} Nc6
{[%clk 0:14:56]} 3. d3 {[%clk 0:15:17]} g6 {[%clk 0:14:56]} 4. Nf3
{[%clk 0:15:16]} Bg7 {[%clk 0:15:00]} 5. O-O {[%clk 0:15:15]} Nf6
{[%clk 0:14:58]} 6. c3 {[%clk 0:15:19]} O-O {[%clk 0:14:59]} 7. a3
{[%clk 0:15:22]} d5 {[%clk 0:14:03]} 8. b4 {[%clk 0:15:24]} b6 {[%clk 0:13:55]}
9. Nbd2 {[%clk 0:15:03]} Bb7 {[%clk 0:12:53]} 10. Rb1 {[%clk 0:14:23]} cxb4
{[%clk 0:12:23]} 11. axb4 {[%clk 0:14:25]} Rc8 {[%clk 0:12:19]} 12. Nb3
{[%clk 0:14:16]} Nd7 {[%clk 0:11:41]} 13. Nfd4 {[%clk 0:13:33]} Nxd4
{[%clk 0:11:09]} 14. cxd4 {[%clk 0:13:36]} a6 {[%clk 0:10:36]} 15. Bf4
{[%clk 0:13:32]} e6 {[%clk 0:10:35]} 16. Qd2 {[%clk 0:12:51]} Qe7
{[%clk 0:09:53]} 17. Rfc1 {[%clk 0:12:38]} Nb8 {[%clk 0:09:54]} 18. e4
{[%clk 0:08:11]} Nc6 {[%clk 0:09:35]} 19. exd5 {[%clk 0:06:22]} exd5
{[%clk 0:09:32]} 20. Re1 {[%clk 0:03:39]} Qxb4 {[%clk 0:07:27]} 21. Qxb4
{[%clk 0:03:42]} Nxb4 {[%clk 0:07:29]} 22. Bd6 {[%clk 0:03:46]} Nxd3
{[%clk 0:07:33]} 23. Red1 {[%clk 0:03:22]} Rfd8 {[%clk 0:05:56]} 24. Ba3
{[%clk 0:03:26]} Rc3 {[%clk 0:04:59]} 25. Bf1 {[%clk 0:03:29]} Rdc8
{[%clk 0:03:17]} 26. Bxd3 {[%clk 0:02:26]} a5 {[%clk 0:03:22]} 27. Bd6
{[%clk 0:02:23]} Bc6 {[%clk 0:02:53]} 28. Nc1 {[%clk 0:02:20]} Ba4
{[%clk 0:02:48]} 29. Ne2 {[%clk 0:00:34]} R3c6 {[%clk 0:02:36]} 30. Rdc1
{[%clk 0:00:38]} Rxc1+ {[%clk 0:01:47]} 31. Nxc1 {[%clk 0:00:26]} Bxd4
{[%clk 0:01:45]} 32. Nb3 {[%clk 0:00:10]} Bf6 {[%clk 0:01:15]} 33. Ba6
{[%clk 0:00:06]} Rc6 {[%clk 0:00:45]} 34. Ba3 {[%clk 0:00:08]} Rc3
{[%clk 0:00:43]} 35. Nxa5 {[%clk 0:00:07]} Rxa3 {[%clk 0:00:47]} 36. Nc6
{[%clk 0:00:10]} Bxc6 {[%clk 0:00:50]} 37. Rxb6 {[%clk 0:00:13]} Rc3
{[%clk 0:00:46]} 0-1

[Event "Portugal Open Semirrapidas"]
[Site "Lisboa POR"]
[Date "2020.02.02"]
[Round "3.10"]
[White "BAYRAMOV, Zaur"]
[Black "STACHOWIAK, Kamil"]
[Result "0-1"]
[BlackElo "2500"]
[WhiteElo "2146"]
[LiveChessVersion "1.4.8"]

1. d4 {[%clk 0:15:09]} Nf6 {[%clk 0:15:09]} 2. Nf3 {[%clk 0:15:12]} c5
{[%clk 0:15:12]} 3. c3 {[%clk 0:15:15]} d5 {[%clk 0:15:15]} 4. Bf4
{[%clk 0:15:16]} Nc6 {[%clk 0:15:19]} 5. e3 {[%clk 0:15:17]} Qb6 {[%clk 0:15:22]}
6. Qc1 {[%clk 0:15:10]} Bf5 {[%clk 0:15:22]} 7. Nbd2 {[%clk 0:15:12]} e6
{[%clk 0:15:25]} 8. h3 {[%clk 0:15:15]} h6 {[%clk 0:15:26]} 9. Be2
{[%clk 0:15:14]} Be7 {[%clk 0:15:28]} 10. O-O {[%clk 0:15:10]} O-O
{[%clk 0:15:30]} 11. dxc5 {[%clk 0:14:14]} Bxc5 {[%clk 0:15:32]} 12. b4
{[%clk 0:14:16]} Be7 {[%clk 0:15:34]} 13. a3 {[%clk 0:14:20]} Rfc8
{[%clk 0:14:08]} 14. c4 {[%clk 0:14:14]} dxc4 {[%clk 0:14:11]} 15. Nxc4
{[%clk 0:14:16]} Qd8 {[%clk 0:14:15]} 16. Rd1 {[%clk 0:13:33]} Nd5
{[%clk 0:13:49]} 17. Qb2 {[%clk 0:12:59]} b5 {[%clk 0:12:35]} 18. g4
{[%clk 0:07:58]} Bh7 {[%clk 0:12:23]} 19. Ncd2 {[%clk 0:06:35]} Nxf4
{[%clk 0:12:08]} 20. exf4 {[%clk 0:06:37]} Bf6 {[%clk 0:11:30]} 21. Ne5
{[%clk 0:06:32]} Nxe5 {[%clk 0:11:18]} 22. fxe5 {[%clk 0:06:36]} Rc2
{[%clk 0:11:22]} 23. Qb3 {[%clk 0:06:24]} Bxe5 {[%clk 0:10:54]} 24. Nf3
{[%clk 0:04:40]} Qf6 {[%clk 0:09:10]} 25. Nxe5 {[%clk 0:04:25]} Qxe5
{[%clk 0:08:18]} 26. Bf3 {[%clk 0:04:08]} Rac8 {[%clk 0:08:18]} 27. Qe3
{[%clk 0:03:51]} Qxe3 {[%clk 0:07:59]} 28. fxe3 {[%clk 0:03:55]} Bg6
{[%clk 0:07:44]} 29. a4 {[%clk 0:03:54]} a6 {[%clk 0:07:12]} 30. Bb7
{[%clk 0:03:33]} R8c3 {[%clk 0:07:16]} 31. axb5 {[%clk 0:03:37]} axb5
{[%clk 0:06:37]} 32. Rd8+ {[%clk 0:03:40]} Kh7 {[%clk 0:06:40]} 33. Raa8
{[%clk 0:03:44]} Rc1+ {[%clk 0:06:44]} 34. Kf2 {[%clk 0:03:38]} Bb1
{[%clk 0:06:21]} 35. Ra1 {[%clk 0:02:57]} f5 {[%clk 0:06:24]} 36. h4
{[%clk 0:02:49]} Kg6 {[%clk 0:05:03]} 37. Ra6 {[%clk 0:02:27]} fxg4
{[%clk 0:04:52]} 38. Rxe6+ {[%clk 0:02:24]} Kh5 {[%clk 0:04:52]} 39. Kg3
{[%clk 0:01:54]} Rg1+ {[%clk 0:04:32]} 40. Bg2 {[%clk 0:00:45]} Rc2
{[%clk 0:03:44]} 41. Rd5+ {[%clk 0:00:31]} g5 {[%clk 0:03:48]} 42. hxg5
{[%clk 0:00:33]} Rcxg2+ {[%clk 0:03:38]} 43. Kf4 {[%clk 0:00:37]} Rf2+
{[%clk 0:03:39]} 44. Ke5 {[%clk 0:00:41]} Rf5+ {[%clk 0:03:43]} 45. Kd4 0-1